[Event "St Jean CC op 0304"]
[Site "St Jean sur Richelieu"]
[Date "2003.11.26"]
[Round "1"]
[White "Bellerose, Robert"]
[Black "Mc Alpin, John Francis"]
[Result "0-1"]
[WhiteElo "1683"]
[BlackElo "1855"]
[PlyCount "88"]
[EventDate "2003.11.??"]
[EventType "swiss"]
[EventRounds "6"]
[EventCountry "CAN"]
[SourceTitle "EXT 2005"]
[Source "ChessBase"]
[SourceDate "2004.11.15"]
[SourceVersion "1"]
[SourceVersionDate "2004.11.15"]
[SourceQuality "1"]

1. c4 Nf6 2. Nc3 e6 3. g3 d5 4. cxd5 exd5 5. d4 Bf5 6. Bg2 c6 7. Bf4 Nbd7 8. Nf3 Bb4 9. a3 Bxc3+ 10. bxc3 0-0 11. 0-0 Re8 12. Re1 Ne4 13. Qb3 Qb6 14. Qxb6 axb6 15. Rec1 b5 16. Kf1 Nb6 17. Ne5 f6 18. Bxe4 Bxe4 19. Nd3 Nc4 20. f3 Bg6 21. Kf2 Nxa3 22. Ra2 Nc4 23. Rca1 Rxa2 24. Rxa2 Bxd3 25. exd3 Nb6 26. Bd6 Rd8 27. Bc7 Ra8 28. Rxa8+ Nxa8 29. Ba5 b6 30. Bb4 Nc7 31. Ke3 Kf7 32. h4 g6 33. g4 Ke6 34. f4 f5 35. g5 Kd7 36. Ba3 Ne6 37. Kf3 c5 38. dxc5 bxc5 39. Ke3 d4+ 40. cxd4 cxd4+ 41. Kf3 Kc6 42. Bb4 Nc7 43. Kg3 Na6 44. Ba3 Nc5 0-1

[Event "St Jean CC-ch"]
[Site "St Jean sur Richelieu"]
[Date "2003.??.??"]
[Round "1"]
[White "Barre, Michel"]
[Black "Bellerose, Robert"]
[Result "1-0"]
[WhiteElo "1935"]
[BlackElo "1695"]
[PlyCount "99"]
[EventDate "2003.??.??"]
[EventType "swiss"]
[EventRounds "5"]
[EventCountry "CAN"]
[SourceTitle "EXT 2007"]
[Source "ChessBase"]
[SourceDate "2006.11.23"]
[SourceVersion "1"]
[SourceVersionDate "2006.11.23"]
[SourceQuality "1"]

1. d4 d5 2. Nf3 Nf6 3. e3 Nc6 4. Nbd2 a6 5. a3 Bf5 6. Bd3 Qd7 7. b4 Ne4 8. Bb2 b5 9. Nh4 e6 10. Nxf5 exf5 11. f3 Nxd2 12. Qxd2 Bd6 13. 0-0 0-0 14. Rae1 Rae8 15. Qf2 Re7 16. Re2 Rfe8 17. Rfe1 Na7 18. Qh4 h6 19. Qh3 f4 20. Qxd7 Rxd7 21. exf4 Rxe2 22. Rxe2 Re7 23. Rxe7 Bxe7 24. Bf5 g6 25. Bd7 Bd6 26. f5 Kf8 27. fxg6 fxg6 28. Be6 c6 29. Bc1 g5 30. h4 Ke7 31. Bg4 gxh4 32. Bxh6 Bg3 33. Kf1 Kd8 34. Bg5+ Kc7 35. Bd2 Nc8 36. Bxc8 Kxc8 37. Be1 Bf4 38. Bxh4 Bc1 39. Be1 Be3 40. c3 Bc1 41. Ke2 Bxa3 42. Bd2 a5 43. bxa5 Kb7 44. g4 Ka6 45. g5 Kxa5 46. g6 Bf8 47. f4 Kb6 48. f5 Bg7 49. Bf4 b4 50. Be5 1-0

[Event "St Jean CC-ch"]
[Site "St Jean sur Richelieu"]
[Date "2003.??.??"]
[Round "2"]
[White "Bellerose, Robert"]
[Black "Kowalyszyn, Miguel"]
[Result "1-0"]
[WhiteElo "1695"]
[BlackElo "1610"]
[PlyCount "41"]
[EventDate "2003.??.??"]
[EventType "swiss"]
[EventRounds "5"]
[EventCountry "CAN"]
[SourceTitle "EXT 2007"]
[Source "ChessBase"]
[SourceDate "2006.11.23"]
[SourceVersion "1"]
[SourceVersionDate "2006.11.23"]
[SourceQuality "1"]

1. e4 e5 2. Nf3 Nc6 3. Bb5 Nf6 4. 0-0 Be7 5. Re1 a6 6. Ba4 0-0 7. c3 b5 8. Bc2 d5 9. exd5 Nxd5 10. Nxe5 Nxe5 11. Rxe5 Nf6 12. d4 Bd6 13. Re1 Ng4 14. g3 Nxh2 15. Qh5 g6 16. Qxh2 Re8 17. Rxe8+ Qxe8 18. Be3 Bg4 19. Nd2 b4 20. Ne4 bxc3 21. Nf6+ 1-0

[Event "St Jean CC-ch"]
[Site "St Jean sur Richelieu"]
[Date "2002.02.27"]
[Round "2"]
[White "Bellerose, Robert"]
[Black "Barre, Michel"]
[Result "0-1"]
[WhiteElo "1731"]
[BlackElo "1969"]
[PlyCount "108"]
[EventDate "2002.02.20"]
[EventType "swiss"]
[EventRounds "6"]
[EventCountry "CAN"]
[SourceTitle "EXT 2022"]
[Source "ChessBase"]
[SourceDate "2021.10.06"]
[SourceVersion "1"]
[SourceVersionDate "2021.10.06"]
[SourceQuality "1"]

1. e4 c5 2. Nf3 Nc6 3. d4 cxd4 4. Nxd4 e5 5. Nf3 Nf6 6. Bd3 d5 7. exd5 Qxd5 8. 0-0 Bg4 9. Be2 0-0-0 10. Nc3 Qa5 11. Bd2 Bb4 12. Qe1 Nd5 13. Nxd5 Rxd5 14. c3 Be7 15. c4 Rxd2 16. Nxd2 Be6 17. Nb3 Qa4 18. Nd2 f5 19. b3 Qa3 20. Qc1 Qa5 21. a3 Nd4 22. Bd1 e4 23. b4 Qe5 24. f4 Qc7 25. c5 Bf6 26. Rb1 e3 27. Nc4 e2 28. Nd6+ Kb8 29. Re1 exd1Q 30. Qxd1 Bd7 31. Rc1 Nb5 32. Qd3 Nxd6 33. cxd6 Qb6+ 34. Kh1 Rd8 35. Rcd1 Ba4 36. Rd2 Bb5 37. Qh3 Rxd6 38. Rxd6 Qxd6 39. Qxf5 Bc6 40. Qg4 Qd2 41. Qe2 Qxf4 42. Rf1 Qg5 43. Rd1 a6 44. Qd2 Qxd2 45. Rxd2 Kc7 46. Kg1 Kb6 47. Rc2 Kb5 48. Rc5+ Ka4 49. Ra5+ Kb3 50. Rh5 h6 51. Rh3+ Ka4 52. Rg3 Bd5 53. Rd3 Bb3 54. Rd7 b5 0-1